טוען...
Malayala sahithyathil Dr.Herman Gundertinte sambhavana:oru vimarsathmaka padanam
| מחבר ראשי: | |
|---|---|
| פורמט: | Ph.D Thesis |
| שפה: | Malayalam |
| יצא לאור: |
Calicut University:
Dept. of Malayalam,
1992.
|
| LEADER | 00507nam a22001217a 4500 | ||
|---|---|---|---|
| 008 | 111204s9999 xx 000 0 mal d | ||
| 100 | |a Cheriyan,K.V. | ||
| 245 | |a Malayala sahithyathil Dr.Herman Gundertinte sambhavana:oru vimarsathmaka padanam |c /Cheriyan,K.V. | ||
| 260 | |a Calicut University: |b Dept. of Malayalam, |c 1992. | ||
| 300 | |a . | ||
| 942 | |c TH | ||
| 999 | |c 231507 |d 231507 | ||
| 952 | |0 0 |1 0 |2 ddc |4 0 |6 TH_850_900000000000000_CHE_M |7 0 |9 256399 |a MAL |b MAL |c ST1 |d 2012-09-06 |l 0 |o TH850.9 CHE/M |p MALNB100 |r 2015-04-13 |w 2015-04-13 |y TH | ||